000 00208 a2200097 4500
001 17580
100 _aLanczos, C
245 _aSpace through the ages
260 _a
_bAcademic Press
_c
090 _c12972
_d12972
942 _aNUST-CAE
_cM
_c3305
999 _c252653
_d252653